[Event "Sao Paulo op da Amizade"]
[Site "Sao Paulo"]
[Date "2008.08.31"]
[Round "9.23"]
[White "Fernandez, Hector Marcelo"]
[Black "Aoyama, Edmundo"]
[Result "0-1"]
[WhiteElo "2092"]
[BlackElo "1887"]
[PlyCount "112"]
[EventDate "2008.08.23"]
[EventType "swiss"]
[EventRounds "9"]
[EventCountry "BRA"]
[SourceTitle "EXT 2022"]
[Source "ChessBase"]
[SourceDate "2021.10.06"]
[SourceVersion "1"]
[SourceVersionDate "2021.10.06"]
[SourceQuality "1"]

1. d4 d5 2. c4 c6 3. Nc3 Nf6 4. cxd5 cxd5 5. Nf3 Nc6 6. Bf4 e6 7. e3 Bd6 8. Bxd6 Qxd6 9. Bd3 0-0 10. 0-0 a6 11. a3 b5 12. b4 e5 13. dxe5 Nxe5 14. Nxe5 Qxe5 15. Qd2 Ng4 16. g3 Qh5 17. f3 Nf6 18. Ne2 Bh3 19. Nf4 Qh6 20. Rfe1 Rfe8 21. Rad1 Rac8 22. Bb1 Be6 23. Ne2 Qh5 24. Nd4 Nd7 25. Rc1 Ne5 26. Qe2 Nc4 27. Rc3 Bd7 28. Qf2 Qe5 29. g4 Qf6 30. Rb3 g6 31. Rd3 Ne5 32. Rb3 Rc4 33. Kg2 Rec8 34. h3 Nc6 35. Ne2 Ne7 36. Bd3 R4c7 37. Rd1 Rc6 38. Qe1 R6c7 39. Nd4 Nc6 40. Ne2 Ne5 41. Nd4 Nc4 42. Be2 Qe5 43. Qg3 Nxe3+ 44. Rxe3 Qxe3 45. Rd3 Qe7 46. Qf4 Rc4 47. Qd2 Re8 48. Kf2 Qf6 49. Nb3 Rce4 50. Nd4 h5 51. Kg2 Rxd4 52. Rxd4 Rxe2+ 53. Qxe2 Qxd4 54. Qe7 Be6 55. g5 Qd2+ 56. Kg3 h4+ 0-1

[Event "Sao Paulo op da Amizade"]
[Site "Sao Paulo"]
[Date "2008.08.29"]
[Round "7.23"]
[White "Fernandez, Hector Marcelo"]
[Black "Costa, Giovanni de Almeida"]
[Result "1-0"]
[WhiteElo "2092"]
[BlackElo "1988"]
[PlyCount "109"]
[EventDate "2008.08.23"]
[EventType "swiss"]
[EventRounds "9"]
[EventCountry "BRA"]
[SourceTitle "EXT 2022"]
[Source "ChessBase"]
[SourceDate "2021.10.06"]
[SourceVersion "1"]
[SourceVersionDate "2021.10.06"]
[SourceQuality "1"]

1. c4 e6 2. Nf3 Nf6 3. g3 d5 4. d4 Be7 5. Bg2 Nbd7 6. 0-0 0-0 7. Nc3 c6 8. Qc2 Re8 9. e4 Nxe4 10. Nxe4 dxe4 11. Qxe4 Nf6 12. Qc2 Bd6 13. Re1 Qc7 14. Bg5 Nd7 15. Rac1 f6 16. c5 Bf8 17. Bf4 Qd8 18. Qc4 Kh8 19. b4 g5 20. Bd2 e5 21. Bc3 g4 22. Nh4 exd4 23. Bxd4 Ne5 24. Qc3 Bg7 25. f4 gxf3 26. Nxf3 Nxf3+ 27. Bxf3 Rxe1+ 28. Rxe1 a5 29. a3 axb4 30. axb4 Bf5 31. Bh5 Bg6 32. Bxg6 hxg6 33. Rf1 Ra2 34. Bxf6 Bxf6 35. Qxf6+ Qxf6 36. Rxf6 Rb2 37. Rxg6 Rxb4 38. Kg2 Rb5 39. Rd6 Kg7 40. h4 Kf7 41. Kh3 Ke7 42. Rg6 Kd7 43. Rg7+ Kd8 44. Rg5 Kd7 45. Kg4 Ke6 46. h5 Kf6 47. Kh4 Rb4+ 48. g4 Rb1 49. Rf5+ Kg7 50. Kg5 Re1 51. h6+ Kg8 52. Kf6 Kh7 53. g5 Re2 54. Kf7 Re1 55. g6+ 1-0

[Event "Registro op 2008"]
[Site "Registro"]
[Date "2008.05.04"]
[Round "9"]
[White "Calcado, Acyr Rogerio"]
[Black "Fernandez, Hector Marcelo"]
[Result "1-0"]
[WhiteElo "2258"]
[BlackElo "2115"]
[PlyCount "59"]
[EventDate "2008.04.30"]
[EventType "swiss"]
[EventRounds "9"]
[EventCountry "BRA"]
[SourceTitle "EXT 2022"]
[Source "ChessBase"]
[SourceDate "2021.10.06"]
[SourceVersion "1"]
[SourceVersionDate "2021.10.06"]
[SourceQuality "1"]

1. e4 Nf6 2. e5 Nd5 3. d4 d6 4. exd6 exd6 5. c4 Nb6 6. Nc3 Be7 7. Nf3 0-0 8. Be2 Nc6 9. 0-0 Bf5 10. d5 Nb8 11. Be3 Bf6 12. Nd4 Bxd4 13. Qxd4 Re8 14. Qf4 Bg6 15. h4 f6 16. h5 Bf7 17. h6 g5 18. Qg3 Bg6 19. f4 Qe7 20. Bd2 N8d7 21. fxg5 f5 22. Rae1 Ne5 23. b3 Nbd7 24. Bd3 Rf8 25. Bb1 a6 26. Ne2 Rae8 27. Nd4 f4 28. Bxf4 Bxb1 29. Rxb1 Ng6 30. Ne6 1-0

[Event "Campinas IRT LCX 07th"]
[Site "Campinas"]
[Date "2008.04.26"]
[Round "9"]
[White "Fernandez, Hector Marcelo"]
[Black "De Nucci, Gilberto"]
[Result "0-1"]
[WhiteElo "2115"]
[BlackElo "1990"]
[PlyCount "90"]
[EventDate "2008.04.05"]
[EventType "tourn"]
[EventRounds "11"]
[EventCountry "BRA"]
[SourceTitle "EXT 2022"]
[Source "ChessBase"]
[SourceDate "2021.10.06"]
[SourceVersion "1"]
[SourceVersionDate "2021.10.06"]
[SourceQuality "1"]

1. d4 Nf6 2. Nf3 e6 3. c4 b6 4. g3 Ba6 5. Qc2 Bb4+ 6. Bd2 Qe7 7. Bg2 0-0 8. 0-0 d5 9. Ne5 c5 10. Bxb4 cxb4 11. Nd2 Rc8 12. b3 Nbd7 13. Nd3 Rc7 14. Qb2 Rac8 15. Rac1 dxc4 16. bxc4 Bxc4 17. Nxc4 Rxc4 18. Rxc4 Rxc4 19. Rc1 Rxc1+ 20. Qxc1 Qd6 21. e3 a5 22. Qc8+ Nf8 23. Bc6 N6d7 24. Bxd7 Qxd7 25. Qb8 Qb5 26. Nc5 a4 27. Ne4 b3 28. axb3 axb3 29. Nd6 Qc6 30. Nc8 Qe8 31. Qxb6 Qxc8 32. Qxb3 Qc6 33. Qb8 f5 34. h4 Kf7 35. Qd8 Nd7 36. Qa5 Nf6 37. Qa7+ Kg6 38. Qa2 Ne4 39. Kh2 Kf6 40. Qb2 Qc3 41. Qb8 Qc2 42. Qf8+ Kg6 43. Qe8+ Kh6 44. Qxe6+ g6 45. Qe5 Qxf2+ 0-1

[Event "Campinas IRT LCX 07th"]
[Site "Campinas"]
[Date "2008.04.25"]
[Round "8"]
[White "Van Riemsdijk, Dirk Dagobert"]
[Black "Fernandez, Hector Marcelo"]
[Result "1/2-1/2"]
[WhiteElo "2228"]
[BlackElo "2115"]
[PlyCount "28"]
[EventDate "2008.04.05"]
[EventType "tourn"]
[EventRounds "11"]
[EventCountry "BRA"]
[SourceTitle "EXT 2022"]
[Source "ChessBase"]
[SourceDate "2021.10.06"]
[SourceVersion "1"]
[SourceVersionDate "2021.10.06"]
[SourceQuality "1"]

1. e4 c6 2. d4 d5 3. Nc3 dxe4 4. Nxe4 Nd7 5. Nf3 Ngf6 6. Nxf6+ Nxf6 7. Bc4 e6 8. 0-0 Be7 9. Bg5 0-0 10. Qe2 c5 11. dxc5 Qa5 12. Rfd1 Qxc5 13. Bb3 b6 14. Ne5 Bb7 1/2-1/2

[Event "Americana Paulista Interior"]
[Site "Americana"]
[Date "2007.10.14"]
[Round "5"]
[White "Nogueira, Ivan Kuhlmann"]
[Black "Fernandez, Hector Marcelo"]
[Result "1-0"]
[WhiteElo "2308"]
[BlackElo "2110"]
[PlyCount "119"]
[EventDate "2007.10.12"]
[EventType "swiss"]
[EventRounds "6"]
[EventCountry "BRA"]
[SourceTitle "EXT 2022"]
[Source "ChessBase"]
[SourceDate "2021.10.06"]
[SourceVersion "1"]
[SourceVersionDate "2021.10.06"]
[SourceQuality "1"]

1. c4 Nf6 2. Nc3 c5 3. g3 g6 4. Bg2 Bg7 5. e4 Nc6 6. Nge2 0-0 7. 0-0 Ne8 8. d3 Nc7 9. Be3 Ne6 10. Qd2 Re8 11. f4 d6 12. Rab1 Rb8 13. a3 a5 14. Nb5 Ned4 15. Nexd4 Nxd4 16. Qf2 Nxb5 17. cxb5 f5 18. d4 b6 19. Rfd1 Qc7 20. Rbc1 Qa7 21. e5 Be6 22. b4 cxb4 23. axb4 Bb3 24. Rd2 d5 25. Rb2 a4 26. Rxb3 axb3 27. Bxd5+ e6 28. Bc6 Red8 29. Rb1 Qa3 30. Qb2 Qxb4 31. Qxb3 Qxb3 32. Rxb3 Bf8 33. Rb2 Ba3 34. Rb3 Be7 35. Kf1 Kf7 36. Ke2 Rdc8 37. Kd3 Rc7 38. Rc3 Ra7 39. Rc2 Ra3+ 40. Ke2 Bb4 41. d5 Ke7 42. Rc4 Ra2+ 43. Kf3 Rb2 44. Bc1 Rb3+ 45. Ke2 Bc5 46. d6+ Kf7 47. Ra4 Rc3 48. Ra7+ Kg8 49. Bd2 Rc2 50. Kd3 Rb2 51. Re7 Ra2 52. Rxe6 Ra7 53. Bc3 Kf8 54. Kc4 Ra2 55. d7 Ra4+ 56. Kb3 Ra3+ 57. Kb2 Raa8 58. Bxa8 Rxa8 59. Rc6 Ke7 60. Rc8 1-0

[Event "Americana Paulista Interior"]
[Site "Americana"]
[Date "2007.10.12"]
[Round "4"]
[White "Fernandez, Hector Marcelo"]
[Black "Moraes, Rafael da Silva"]
[Result "1-0"]
[WhiteElo "2110"]
[BlackElo "1938"]
[PlyCount "113"]
[EventDate "2007.10.12"]
[EventType "swiss"]
[EventRounds "6"]
[EventCountry "BRA"]
[SourceTitle "EXT 2022"]
[Source "ChessBase"]
[SourceDate "2021.10.06"]
[SourceVersion "1"]
[SourceVersionDate "2021.10.06"]
[SourceQuality "1"]

1. d4 d5 2. Nf3 Nf6 3. Bf4 c5 4. e3 Nc6 5. c3 Qb6 6. Qb3 c4 7. Qc2 Bf5 8. Qc1 e6 9. Nbd2 Na5 10. Be2 Be7 11. h3 h6 12. 0-0 0-0 13. Ne5 Rfc8 14. g4 Bh7 15. g5 hxg5 16. Bxg5 Qd8 17. Kh1 Ne4 18. Bxe7 Qxe7 19. Nxe4 Bxe4+ 20. f3 Qh4 21. Kh2 Bf5 22. Ng4 Nc6 23. Qe1 Qe7 24. Qg3 Bh7 25. Rg1 f6 26. Rae1 e5 27. dxe5 Nxe5 28. Nxe5 Qxe5 29. Qxe5 fxe5 30. Rd1 Rd8 31. Rg5 Kf8 32. Rxe5 Bg8 33. Kg3 b5 34. f4 Rab8 35. a3 a5 36. Bf3 b4 37. axb4 axb4 38. cxb4 Rxb4 39. Bxd5 Rxb2 40. Bf3 Rc8 41. Bg4 Ra8 42. Rc5 Rb3 43. Kf2 Ra2+ 44. Kf3 Ra8 45. Rd7 g6 46. Rdc7 Re8 47. Re5 Rd8 48. Be6 Bxe6 49. Rxe6 c3 50. Rf6+ Kg8 51. Rxg6+ Kh8 52. Re6 Kg8 53. h4 Kh8 54. h5 Kg8 55. h6 Kh8 56. Ree7 Rb6 57. Rh7+ 1-0